Online Catalogue and eLibrary

The value of peace / (Record no. 225)

MARC details
000 -LEADER
fixed length control field 00784cam a2200229 a 4500
001 - CONTROL NUMBER
control field 13482449
005 - DATE AND TIME OF LATEST TRANSACTION
control field 20240130021228.0
008 - FIXED-LENGTH DATA ELEMENTS--GENERAL INFORMATION
fixed length control field 031023s2003 ce a b 000 0 eng
040 ## - CATALOGING SOURCE (பட்டியலாக்க மூலம்)
Original cataloging agency DLC
Transcribing agency DLC
Modifying agency DLC
082 00 - DDC Classification
Class No. 303.6/6
DDC Edition Number 22
245 04 - TITLE STATEMENT
Title The value of peace /
Statement of responsibility, etc. compiled and edited by Jayadeva Uyangoda, Anusha Talpawela.
260 ## - PUBLICATION, DISTRIBUTION, ETC.
Place of publication, distribution, etc. Colombo :
Name of publisher, distributor, etc. Published by the International Centre for Ethnic Studies for the Neelan Tiruchelvam Trust,
Date of publication, distribution, etc. 2003
300 ## - PHYSICAL DESCRIPTION
Extent (e.g. Volumes, Pages etc.) ix, 115 p. :
500 ## - GENERAL NOTE
General note "Sponsored by Neelan Tiruchelvam Trust"--P. 4 of cover.
650 #0 - SUBJECT ADDED ENTRY--TOPICAL TERM
Topical term or geographic name entry element Peace-building.
650 #0 - SUBJECT ADDED ENTRY--TOPICAL TERM
Topical term or geographic name entry element Peace.
650 #0 - SUBJECT ADDED ENTRY--TOPICAL TERM
Topical term or geographic name entry element Pacifism.
700 1# - ADDED ENTRY--PERSONAL NAME
Personal name Uyangoda, Jayadeva.
Relator term (Role) Editor
700 1# - ADDED ENTRY--PERSONAL NAME
Personal name Talpawela, Anusha.
Relator term (Role) Editor
856 41 - ELECTRONIC LOCATION AND ACCESS
Uniform Resource Identifier <a href="http://www.loc.gov/catdir/toc/fy051/2003334502.html">http://www.loc.gov/catdir/toc/fy051/2003334502.html</a>
942 ## - Koha item type (Biblio)
Koha item type Books - Use in Library
Holdings
Lost status Damaged status Collection code Home library Current library Date acquired Full call number Accession Number Item type
    Lending WERC Library WERC Library 01/30/2024 303.6/6 6589 Books - Use in Library

© WERC Library